000 00346nam a22000977a 4500
999 _c509027
_d509027
082 _aBA27x5453 K45t/1990-91
100 _aKerala. Directorate of Scheduled Tribes Development
_94599
245 _aTribal sub plan, 1990-91
_cby Directorate of Scheduled Tribes Development
260 _aThiruvananthapuram
_bGovernment of Kerala
_c1990
300 _a150p.